[Event "BRA-ch U26"]
[Site "Brasilia"]
[Date "2022.09.21"]
[Round "3"]
[White "Almeida, Ygor de Souza"]
[Black "Martins, Alan Pedro Vasconce"]
[Result "1-0"]
[WhiteElo "1739"]
[BlackElo "1647"]
[PlyCount "73"]
[EventDate "2022.09.20"]
[EventType "swiss"]
[EventRounds "6"]
[EventCountry "BRA"]
[SourceTitle "EXT 2024"]
[Source "ChessBase"]
[SourceDate "2023.10.10"]
[SourceVersion "1"]
[SourceVersionDate "2023.10.10"]
[SourceQuality "1"]

1. e4 e5 2. Nf3 Nc6 3. Bc4 Bc5 4. d3 Nf6 5. Bg5 h6 6. Bh4 d6 7. c3 a6 8. b4 Ba7 9. a4 Be6 10. Nbd2 g5 11. Bg3 Ne7 12. b5 axb5 13. axb5 Ng6 14. Bxe6 fxe6 15. Nc4 Nf4 16. Bxf4 gxf4 17. Nfd2 Rg8 18. 0-0 Ke7 19. Qf3 Qe8 20. Rab1 Rg5 21. b6 cxb6 22. Nxb6 Rb8 23. d4 Qc6 24. dxe5 dxe5 25. Nbc4 b5 26. Nb2 Rbg8 27. Nd3 Qe8 28. Ne1 Ng4 29. c4 Ne3 30. fxe3 Bxe3+ 31. Rf2 bxc4 32. Rb7+ Kf6 33. Qxe3 Rxg2+ 34. Nxg2 Rxg2+ 35. Kxg2 Qg6+ 36. Kh1 Qg4 37. Qf3 1-0

[Event "Antwerp World Uni op"]
[Site "Antwerp"]
[Date "2022.09.16"]
[Round "8"]
[White "Almeida, Ygor de Souza"]
[Black "Verbovsky, Michal"]
[Result "1/2-1/2"]
[WhiteElo "1739"]
[BlackElo "2055"]
[PlyCount "62"]
[EventDate "2022.09.12"]
[EventType "swiss"]
[EventRounds "9"]
[EventCountry "BEL"]
[SourceTitle "EXT 2023"]
[Source "ChessBase"]
[SourceDate "2022.10.05"]
[SourceVersion "1"]
[SourceVersionDate "2022.10.05"]
[SourceQuality "1"]

1. e4 d5 2. Nc3 d4 3. Nce2 e5 4. d3 c5 5. g3 Nc6 6. Bg2 Be7 7. f4 h5 8. h3 Nf6 9. Nf3 Qc7 10. fxe5 Nxe5 11. Nxe5 Qxe5 12. Bf4 Qe6 13. b4 h4 14. g4 Nxg4 15. hxg4 Qxg4 16. Rg1 g5 17. Bh2 Qh5 18. Qd2 Bg4 19. Rh1 h3 20. Bf1 Bxe2 21. Qxe2 g4 22. Bg3 cxb4 23. e5 Rc8 24. Rh2 Bh4 25. Qf2 Rxc2 26. Qxc2 Bxg3+ 27. Kd1 Bxh2 28. Qc8+ Ke7 29. Qc5+ Ke8 30. Qc8+ Ke7 31. Qc5+ Ke8 1/2-1/2

[Event "Antwerp World Uni op"]
[Site "Antwerp"]
[Date "2022.09.12"]
[Round "2"]
[White "Almeida, Ygor de Souza"]
[Black "Van Dijck, Bjarne"]
[Result "1-0"]
[WhiteElo "1739"]
[BlackElo "2080"]
[PlyCount "90"]
[EventDate "2022.09.12"]
[EventType "swiss"]
[EventRounds "9"]
[EventCountry "BEL"]
[SourceTitle "EXT 2023"]
[Source "ChessBase"]
[SourceDate "2022.10.05"]
[SourceVersion "1"]
[SourceVersionDate "2022.10.05"]
[SourceQuality "1"]

1. e4 e5 2. Nf3 Nc6 3. Bc4 Nf6 4. d3 Bc5 5. c3 a6 6. a4 Ba7 7. Qe2 0-0 8. Nbd2 d5 9. Bb3 h6 10. Nf1 Ng4 11. Ne3 d4 12. Nxg4 Bxg4 13. 0-0 Qf6 14. h3 Bh5 15. g4 Bg6 16. g5 hxg5 17. Bxg5 Qd6 18. Nh4 dxc3 19. bxc3 Na5 20. Ba2 Nc6 21. Qg4 Bh7 22. Kh2 Kh8 23. Rad1 Nd8 24. f4 Qa3 25. Rd2 exf4 26. Rg2 Qxc3 27. Bxf4 Ne6 28. Bc1 Qe5+ 29. Kh1 Bd4 30. Nf5 Qf6 31. Ba3 Rfe8 32. Rf3 Qg6 33. Nxd4 Qxg4 34. Rxg4 Nxd4 35. Rxf7 Bg8 36. Rh4+ Bh7 37. Rxc7 Rac8 38. Rxc8 Rxc8 39. Rf4 Bg8 40. Rh4+ Bh7 41. Bd5 b6 42. Bb2 Nf3 43. Rf4 Ne1 44. Rf7 Nxd3 45. Bxg7+ Kg8 1-0

[Event "Brasilia IRT U16/18"]
[Site "Brasilia"]
[Date "2018.03.03"]
[Round "3.5"]
[White "Almeida, Ygor de Souza"]
[Black "De Rezende, Fernando Alencar"]
[Result "0-1"]
[WhiteElo "1774"]
[BlackElo "1484"]
[PlyCount "58"]
[EventDate "2018.03.02"]
[EventType "swiss"]
[EventRounds "6"]
[EventCountry "BRA"]
[SourceTitle "EXT 2022"]
[Source "ChessBase"]
[SourceDate "2021.10.06"]
[SourceVersion "1"]
[SourceVersionDate "2021.10.06"]
[SourceQuality "1"]

1. e4 d5 2. Nc3 d4 3. Nce2 Nf6 4. d3 e5 5. g3 Nc6 6. Bg2 g6 7. f4 Bg7 8. Nf3 0-0 9. 0-0 Re8 10. h3 h6 11. fxe5 Nxe5 12. Nfxd4 c5 13. Nf3 Nxf3+ 14. Rxf3 Nxe4 15. Qf1 Nd6 16. c3 Re7 17. Nf4 Nf5 18. Bd2 b6 19. Rf2 Nxg3 20. Qd1 Rb8 21. Nd5 Re8 22. Bf4 Be5 23. Qf3 Bxf4 24. Qxf4 Ne2+ 25. Rxe2 Rxe2 26. Qxb8 Rxg2+ 27. Kf1 Qxd5 28. Qf4 Bxh3 29. Qe4 Rg4+ 0-1

[Event "Brasilia Terraviva op"]
[Site "Brasilia"]
[Date "2018.01.14"]
[Round "7"]
[White "Almeida, Ygor de Souza"]
[Black "Labussiere, Victor"]
[Result "1-0"]
[WhiteElo "1677"]
[BlackElo "1982"]
[PlyCount "131"]
[EventDate "2018.01.11"]
[EventType "swiss"]
[EventRounds "7"]
[EventCountry "BRA"]
[SourceTitle "CBM 182 Extra"]
[Source "ChessBase"]
[SourceDate "2018.02.23"]
[SourceVersion "1"]
[SourceVersionDate "2018.02.23"]
[SourceQuality "1"]

1. e4 c5 2. Nf3 Nc6 3. c4 g6 4. d4 Nxd4 5. Nxd4 Bg7 6. Be3 Nf6 7. Nc3 0-0 8. Be2 d6 9. Qd2 Bd7 10. f3 cxd4 11. Bxd4 a5 12. 0-0 Bc6 13. Rfd1 Nd7 14. Be3 Nc5 15. b3 Be5 16. Rac1 e6 17. Qe1 Qe7 18. Bf1 b6 19. Ne2 f5 20. exf5 gxf5 21. Nd4 Bd7 22. Bh6 Rf7 23. f4 Bf6 24. Be2 Kh8 25. Bh5 Rg8 26. Bxf7 Qxf7 27. Nf3 Ne4 28. Bg5 Bc6 29. Rc2 Bg7 30. Qh4 Qb7 31. Rd3 Nc5 32. Re3 Be4 33. Rd2 e5 34. fxe5 dxe5 35. Bf6 f4 36. Rc3 Bxf3 37. Rxf3 Ne4 38. Bxg7+ Qxg7 39. Re2 Ng5 40. Rff2 f3 41. Re4 Qg6 42. Re1 e4 43. Qg3 Qg7 44. h4 Qc3 45. Ref1 Nf7 46. Qf4 Qg7 47. Qxe4 Ne5 48. Re1 Re8 49. Re3 Qg3 50. Rexf3 Nxf3+ 51. Qxf3 Re1+ 52. Rf1 Rxf1+ 53. Kxf1 Qb8 54. Qf6+ Kg8 55. h5 Qb7 56. h6 Qc7 57. Qg7+ Qxg7 58. hxg7 Kxg7 59. Kf2 Kf6 60. Ke3 Kf5 61. a3 Ke5 62. g4 h6 63. b4 axb4 64. axb4 Ke6 65. Ke4 Kd6 66. Kf5 1-0

[Event "Brasilia Terraviva op"]
[Site "Brasilia"]
[Date "2018.01.13"]
[Round "4"]
[White "Almeida, Ygor de Souza"]
[Black "Noguerol, Davi Vinueza"]
[Result "1-0"]
[WhiteElo "1677"]
[BlackElo "1772"]
[PlyCount "63"]
[EventDate "2018.01.11"]
[EventType "swiss"]
[EventRounds "7"]
[EventCountry "BRA"]
[SourceTitle "CBM 182 Extra"]
[Source "ChessBase"]
[SourceDate "2018.02.23"]
[SourceVersion "1"]
[SourceVersionDate "2018.02.23"]
[SourceQuality "1"]

1. e4 e6 2. d4 d5 3. Nd2 Nf6 4. e5 Nfd7 5. Bd3 c5 6. c3 Nc6 7. Ne2 Be7 8. 0-0 0-0 9. Nf3 b6 10. Re1 Bb7 11. g3 Rc8 12. h4 g6 13. Nf4 Kg7 14. Kg2 Rh8 15. Rh1 Qg8 16. Be3 Kf8 17. a3 Ke8 18. b3 a6 19. Qe2 Ra8 20. c4 cxd4 21. Bxd4 Nxd4 22. Nxd4 dxc4+ 23. Be4 Bxe4+ 24. Qxe4 Rc8 25. bxc4 Rxc4 26. Qa8+ Bd8 27. Nc6 Nb8 28. Nxd8 Kxd8 29. Qxb8+ Kd7 30. Rhd1+ Ke7 31. Qd6+ Ke8 32. Qd8# 1-0

[Event "Brasilia Terraviva op"]
[Site "Brasilia"]
[Date "2018.01.11"]
[Round "1"]
[White "Januario, Severino Pereira"]
[Black "Almeida, Ygor de Souza"]
[Result "1/2-1/2"]
[WhiteElo "2207"]
[BlackElo "1677"]
[PlyCount "126"]
[EventDate "2018.01.11"]
[EventType "swiss"]
[EventRounds "7"]
[EventCountry "BRA"]
[SourceTitle "CBM 182 Extra"]
[Source "ChessBase"]
[SourceDate "2018.02.23"]
[SourceVersion "1"]
[SourceVersionDate "2018.02.23"]
[SourceQuality "1"]

1. e4 e5 2. Nf3 Nc6 3. Bb5 a6 4. Ba4 Nf6 5. d3 b5 6. Bb3 Be7 7. 0-0 d6 8. c3 0-0 9. h3 Bd7 10. Re1 Na5 11. Bc2 c5 12. Nbd2 Qc7 13. Nf1 Rfe8 14. Ng3 h6 15. Nh4 Nd5 16. Nhf5 Nf4 17. Qf3 Ng6 18. Bxh6 Bxf5 19. exf5 gxh6 20. fxg6 fxg6 21. Qe4 Bf6 22. Qxg6+ Qg7 23. Qe4 Qh7 24. Qd5+ Qf7 25. Ne4 Be7 26. Qxf7+ Kxf7 27. Re3 d5 28. Ng3 Bg5 29. Rf3+ Ke6 30. Nf5 Rf8 31. g4 Nc6 32. h4 Bf4 33. Re1 Kd7 34. Ne3 Kd6 35. Kg2 h5 36. g5 d4 37. Nf1 dxc3 38. bxc3 a5 39. Ng3 Bxg3 40. fxg3 Rxf3 41. Kxf3 b4 42. Ba4 Rf8+ 43. Ke4 Ne7 44. d4 exd4 45. cxd4 cxd4 46. Bd1 Nf5 47. Rg1 Ng7 48. Kxd4 Rf2 49. Bb3 a4 50. Bg8 Rf8 51. Bc4 Rf3 52. Ke4 Rc3 53. Bf7 b3 54. axb3 axb3 55. Kf4 b2 56. Rb1 Rc2 57. Bg6 Rd2 58. g4 Rd4+ 59. Kf3 Rxg4 60. Rxb2 Rxh4 61. Rb7 Ne6 62. Rb6+ Ke7 63. Rb7+ Kd6 1/2-1/2

[Event "Brasilia Centro Oeste-ch"]
[Site "Brasilia"]
[Date "2017.09.23"]
[Round "4"]
[White "Arruda Filho, Ivo Pereira de"]
[Black "Almeida, Ygor de Souza"]
[Result "1-0"]
[WhiteElo "1768"]
[BlackElo "1659"]
[PlyCount "85"]
[EventDate "2017.09.22"]
[EventType "swiss"]
[EventRounds "6"]
[EventCountry "BRA"]
[SourceTitle "CBM 180 Extra"]
[Source "ChessBase"]
[SourceDate "2017.10.06"]
[SourceVersion "1"]
[SourceVersionDate "2017.10.06"]
[SourceQuality "1"]

1. Nf3 Nf6 2. d4 b5 3. e3 a6 4. Bd3 d5 5. 0-0 e6 6. Nbd2 Bb7 7. b3 c5 8. c4 b4 9. Bb2 Nbd7 10. Re1 Be7 11. e4 dxe4 12. Bxe4 Nxe4 13. Nxe4 0-0 14. dxc5 Nxc5 15. Nxc5 Qxd1 16. Raxd1 Bxf3 17. gxf3 Bxc5 18. Bd4 Rfc8 19. Bxc5 Rxc5 20. f4 Rf5 21. Rd4 a5 22. Re5 Rxe5 23. fxe5 g6 24. Rd6 Ra7 25. c5 Rc7 26. c6 g5 27. Kg2 Kg7 28. Kf3 Kg6 29. Ke4 f5+ 30. Kd4 Kf7 31. Kc5 Ke7 32. Kb6 Rc8 33. c7 h5 34. Kb7 Rf8 35. c8Q Rxc8 36. Kxc8 h4 37. Rd7+ Kf8 38. Rh7 g4 39. Rxh4 Kg7 40. h3 Kg6 41. hxg4 Kg5 42. Rh8 fxg4 43. Rf8 1-0

[Event "Brasilia Centro Oeste-ch"]
[Site "Brasilia"]
[Date "2017.09.22"]
[Round "1"]
[White "Lucena, Lincoln"]
[Black "Almeida, Ygor de Souza"]
[Result "1-0"]
[WhiteElo "2111"]
[BlackElo "1659"]
[PlyCount "63"]
[EventDate "2017.09.22"]
[EventType "swiss"]
[EventRounds "6"]
[EventCountry "BRA"]
[SourceTitle "CBM 180 Extra"]
[Source "ChessBase"]
[SourceDate "2017.10.06"]
[SourceVersion "1"]
[SourceVersionDate "2017.10.06"]
[SourceQuality "1"]

1. Nf3 Nf6 2. c4 e6 3. g3 d5 4. Bg2 c5 5. cxd5 exd5 6. d4 Be7 7. 0-0 0-0 8. Nc3 Nc6 9. dxc5 Bxc5 10. Bg5 d4 11. Bxf6 Qxf6 12. Nd5 Qd8 13. Nd2 Be6 14. Nf4 Re8 15. Rc1 Qe7 16. Nxe6 fxe6 17. Nb3 Bb6 18. Rxc6 bxc6 19. Bxc6 Rad8 20. Bxe8 Qxe8 21. Qd3 e5 22. Nd2 Rc8 23. Ne4 Qe6 24. Ng5 Qg6 25. Qb3+ Kf8 26. Nf3 Qf6 27. e4 g5 28. Kg2 h5 29. h4 gxh4 30. Nxh4 Qc6 31. Qf3+ Kg7 32. Nf5+ 1-0

[Event "BRA-ch Amateur"]
[Site "Brasilia"]
[Date "2016.06.19"]
[Round "5"]
[White "Almeida, Ygor de Souza"]
[Black "Melo, Daniel Oliveira"]
[Result "1-0"]
[WhiteElo "1580"]
[BlackElo "1713"]
[PlyCount "75"]
[EventDate "2016.06.17"]
[EventType "swiss"]
[EventRounds "6"]
[EventCountry "BRA"]
[SourceTitle "CBM 173 Extra"]
[Source "ChessBase"]
[SourceDate "2016.08.29"]
[SourceVersion "1"]
[SourceVersionDate "2016.08.29"]
[SourceQuality "1"]

1. e4 e5 2. Nf3 Nc6 3. Bb5 Nf6 4. d3 d6 5. h3 h6 6. 0-0 a6 7. Ba4 b5 8. Bb3 Nd4 9. Nxd4 exd4 10. f4 Bb7 11. Qe1 Be7 12. Qf2 c5 13. e5 Nh5 14. g4 Bh4 15. Qh2 Bg3 16. Qe2 0-0 17. gxh5 Qh4 18. Qg4 dxe5 19. fxe5 Qxg4 20. hxg4 Bxe5 21. Bf4 Bf6 22. Nd2 Bc8 23. Bd5 Rb8 24. Bxb8 Bxg4 25. Ba7 Be7 26. Rae1 Bd6 27. Ne4 Bc7 28. Bxc5 Be5 29. Bxf8 Kxf8 30. Rxf7+ Ke8 31. Nd6+ Kd8 32. Rxe5 Bd7 33. Ree7 Kc7 34. Rxd7+ Kb6 35. b4 a5 36. Rb7+ Ka6 37. Rf8 axb4 38. Ra8# 1-0

[Event "BRA-ch Amateur"]
[Site "Brasilia"]
[Date "2016.06.18"]
[Round "2"]
[White "Oliveira, Jose Irio Rodrigues"]
[Black "Almeida, Ygor de Souza"]
[Result "1-0"]
[WhiteElo "1968"]
[BlackElo "1580"]
[PlyCount "125"]
[EventDate "2016.06.17"]
[EventType "swiss"]
[EventRounds "6"]
[EventCountry "BRA"]
[SourceTitle "CBM 173 Extra"]
[Source "ChessBase"]
[SourceDate "2016.08.29"]
[SourceVersion "1"]
[SourceVersionDate "2016.08.29"]
[SourceQuality "1"]

1. c4 e6 2. Nf3 Nf6 3. g3 d5 4. cxd5 exd5 5. d4 h6 6. Bg2 Bd6 7. Nc3 c6 8. 0-0 0-0 9. Qc2 Re8 10. Re1 Na6 11. a3 Nc7 12. b4 Ne4 13. Nxe4 dxe4 14. Nd2 f5 15. Nc4 Nd5 16. f3 exf3 17. Bxf3 Bc7 18. Ne5 Bxe5 19. dxe5 Rxe5 20. Bb2 Re8 21. Kh1 Ne3 22. Qb3+ Kh7 23. Rac1 Qg5 24. Rc5 Be6 25. Qc3 Bd5 26. Bxd5 Nxd5 27. Qf3 Re3 28. Qf2 Rae8 29. Bc1 f4 30. gxf4 Qxf4 31. Qxf4 Nxf4 32. Bxe3 Rxe3 33. Rf5 Nd3 34. Rd1 Ne5 35. Rd2 Rxa3 36. Rxe5 Rb3 37. Re4 Kg6 38. Rd7 Kf5 39. Ree7 b5 40. Rd4 Kf6 41. Rxa7 Re3 42. Rd6+ Kg5 43. Rxg7+ Kf5 44. Rg2 Rb3 45. Rxc6 Rxb4 46. Rxh6 Rb3 47. Rh4 b4 48. e4+ Kf6 49. Rc2 Ke5 50. Rc5+ Kd4 51. Rd5+ Kc4 52. Rd1 Re3 53. Kg2 b3 54. e5+ Kc5 55. Rb1 Kd5 56. Rh5 Ke6 57. Kf2 Rc3 58. h4 Rh3 59. Ke2 Rg3 60. Rg5 Rh3 61. h5 Kf7 62. Kd2 Ke6 63. Rc1 1-0

[Event "Brasilia Ascade op"]
[Site "Brasilia"]
[Date "2016.01.31"]
[Round "4"]
[White "Almeida, Ygor de Souza"]
[Black "Rabelo, Jose Carlos Vargas"]
[Result "1-0"]
[WhiteElo "1513"]
[BlackElo "1617"]
[PlyCount "99"]
[EventDate "2016.01.29"]
[EventType "swiss"]
[EventRounds "5"]
[EventCountry "BRA"]
[SourceTitle "CBM 170 Extra"]
[Source "ChessBase"]
[SourceDate "2016.02.25"]
[SourceVersion "1"]
[SourceVersionDate "2016.02.25"]
[SourceQuality "1"]

1. e4 e6 2. d4 d5 3. Nd2 c5 4. c3 Nc6 5. Ne2 cxd4 6. cxd4 Bb4 7. e5 Qb6 8. a3 Bxd2+ 9. Qxd2 Nge7 10. b4 Nf5 11. Bb2 a5 12. b5 Qxb5 13. Ng3 Qb6 14. Nxf5 exf5 15. Rb1 Qc7 16. Bd3 Be6 17. Qg5 g6 18. 0-0 0-0 19. h4 Qe7 20. Qxe7 Nxe7 21. a4 Rfc8 22. Rfd1 Bd7 23. Ba3 Nc6 24. Rxb7 Be8 25. Bc5 Nd8 26. Rb6 Bxa4 27. Ra1 Bd7 28. Ba6 Rc6 29. Rxa5 Bc8 30. Bb7 Bxb7 31. Rxa8 Bxa8 32. Rb8 f6 33. Rxd8+ Kf7 34. Rxa8 fxe5 35. Rf8+ Kg7 36. Rd8 Rc7 37. Rxd5 exd4 38. Bxd4+ Kf7 39. Be3 Kg7 40. h5 Rf7 41. h6+ Kf6 42. Bd4+ Ke6 43. Rd8 Rd7 44. Rxd7 Kxd7 45. f4 Kc6 46. Kf2 Kd5 47. Bf6 Ke4 48. g3 Kd3 49. Kf3 Kd2 50. g4 1-0

[Event "Goiania Goias Cup"]
[Site "Goiania"]
[Date "2015.09.27"]
[Round "5"]
[White "Almeida, Ygor de Souza"]
[Black "Montufar Berrios, Eymi Priscila"]
[Result "0-1"]
[WhiteElo "1459"]
[BlackElo "1695"]
[PlyCount "92"]
[EventDate "2015.09.25"]
[EventType "swiss"]
[EventRounds "6"]
[EventCountry "BRA"]
[SourceTitle "EXT 2016"]
[Source "ChessBase"]
[SourceDate "2015.10.08"]
[SourceVersion "1"]
[SourceVersionDate "2015.10.08"]
[SourceQuality "1"]

1. e4 c5 2. Nf3 d6 3. d4 cxd4 4. Nxd4 Nf6 5. Nc3 a6 6. Be2 e6 7. Be3 Be7 8. 0-0 0-0 9. Qd2 b5 10. f3 Bb7 11. Rfd1 Nc6 12. Nxc6 Bxc6 13. Rac1 Qc7 14. a3 Rfd8 15. Qe1 d5 16. exd5 Nxd5 17. Nxd5 Bxd5 18. Qf2 Rab8 19. g3 Bf6 20. Bd4 Bxd4 21. Rxd4 e5 22. Rd2 Be6 23. Rcd1 Rxd2 24. Rxd2 Qe7 25. Bf1 f6 26. Qe3 Qb7 27. Bg2 Qb6 28. Qxb6 Rxb6 29. Kf2 Kf7 30. Ke3 Ke7 31. Bf1 Rc6 32. h4 Bf5 33. Bd3 Bxd3 34. Kxd3 Rd6+ 35. Ke3 Rxd2 36. Kxd2 Kd6 37. Kd3 Kd5 38. b3 f5 39. c3 a5 40. h5 g6 41. hxg6 hxg6 42. f4 e4+ 43. Ke3 a4 44. b4 Kc4 45. Kd2 Kb3 46. Kc1 Kxc3 0-1

[Event "Goiania Goias Cup"]
[Site "Goiania"]
[Date "2015.09.25"]
[Round "1"]
[White "Almeida, Ygor de Souza"]
[Black "Juliani, Sidney"]
[Result "1/2-1/2"]
[WhiteElo "1459"]
[BlackElo "1856"]
[PlyCount "96"]
[EventDate "2015.09.25"]
[EventType "swiss"]
[EventRounds "6"]
[EventCountry "BRA"]
[SourceTitle "EXT 2016"]
[Source "ChessBase"]
[SourceDate "2015.10.08"]
[SourceVersion "1"]
[SourceVersionDate "2015.10.08"]
[SourceQuality "1"]

1. e4 c5 2. Nf3 d6 3. d4 cxd4 4. Nxd4 g6 5. c4 Bg7 6. Be3 Nc6 7. Nc3 Nf6 8. Be2 Bd7 9. 0-0 Nxd4 10. Bxd4 Bc6 11. f3 0-0 12. Be3 Nd7 13. Qd2 h5 14. Rac1 Ne5 15. Bh6 Kh7 16. Be3 Rc8 17. b3 Qa5 18. Nd5 Qxd2 19. Bxd2 Bxd5 20. cxd5 a6 21. Ba5 Bh6 22. f4 Nd7 23. g3 Nc5 24. Bf3 b5 25. Rc3 Nb7 26. Bb4 Bg7 27. Rc6 Rxc6 28. dxc6 Bd4+ 29. Kg2 Nc5 30. e5 Ne6 31. exd6 exd6 32. Bxd6 Rc8 33. Rc1 Bb6 34. Rd1 Nd4 35. Rxd4 Bxd4 36. c7 Bb6 37. Bb7 Rxc7 38. Bxc7 Bxc7 39. Bxa6 b4 40. Kf3 Kg7 41. h3 Kf6 42. Ke4 Bb6 43. Bc4 Bf2 44. g4 hxg4 45. hxg4 Be1 46. g5+ Ke7 47. f5 gxf5+ 48. Kxf5 Bd2 1/2-1/2